[Event "1st League CS 2011"]
[Site "Kraljevo"]
[Date "2011.09.21"]
[Round "7.6"]
[White "Ristovic, Radovan"]
[Black "Govedarica, Radovan"]
[Result "0-1"]
[WhiteElo "2107"]
[BlackElo "2389"]
[PlyCount "114"]
[EventDate "2011.09.17"]

1. e4 c5 2. c3 d5 3. exd5 Qxd5 4. d4 e6 5. Nf3 Nf6 6. Be2 Be7 7. O-O cxd4 8.
cxd4 O-O 9. Nc3 Qd6 10. Qb3 Nc6 11. Rd1 Rd8 12. Bg5 Qb4 13. Qxb4 Nxb4 14. Ne4
Nfd5 15. Bxe7 Nxe7 16. a3 Nbc6 17. Bb5 b6 18. Ng3 Bb7 19. Rd3 Rac8 20. Rad1 Nd5
21. Ne2 Nce7 22. Ne5 Rc2 23. R3d2 Rdc8 24. Bd3 Rxd2 25. Rxd2 Nf6 26. Rc2 Rxc2
27. Bxc2 Ne8 28. Nc3 Nd6 29. f3 f6 30. Nd3 Nef5 31. Ne2 Nb5 32. Ndf4 Nfxd4 33.
Nxd4 Nxd4 34. Bb1 g5 35. Nd3 a5 36. Kf2 Bd5 37. Ke3 Nf5+ 38. Kf2 h5 39. g3 h4
40. gxh4 Nxh4 41. f4 Kg7 42. fxg5 fxg5 43. Ne5 Nf5 44. Bd3 Nd6 45. Nd7 b5 46.
b4 a4 47. Kg3 Bc4 48. Bb1 Kh6 49. h4 Nf5+ 50. Bxf5 exf5 51. hxg5+ Kxg5 52. Ne5
f4+ 53. Kf2 Bd5 54. Nd7 Kf5 55. Nc5 Ke5 56. Ke2 Kd4 57. Kd2 Bc4 0-1